=LDR 00000nam 2200000 4500 =001 INLIS000000000034235 =005 20130612140139 =008 ***********************************ind** =035 ##$$0010-061300000034235 =041 ##$$a ind =082 ##$$a 796.334 2 =090 ##$$a 796.334 2; Bat,c =100 ##$$a Batty,Eric C =245 ##$$a Latihan Metode Baru Sepak bola Serangan/Pertahanan, Eric C.Batty ; Editor,Sulistio =260 ##$$a 2008 $b Bandung =300 ##$$a 124 hlm., Illus, 21 cm =650 ##$$a Sepak Bola - Teknik =700 ##$$a Sulistio =850 ##$$a NBPNMAT =990 ##$$a 0001/BPAP-NTB/2015 =990 ##$$a 1342413424 =990 ##$$a 0001/BPAP-NTB/2015 =990 ##$$a 01201713424 =990 ##$$a 01201713424 =990 ##$$a 0001/BPAP-NTB/2015